Statistics for All Fire Type Moves

Click here to take the quiz!

General Stats

  • This quiz has been taken 70 times
  • The average score is 22 of 35

Answer Stats

CatagoryAnswer% Correct
SpecialFlamethrower
100%
SpecialFire Blast
95%
PhysicalFire Punch
95%
SpecialEmber
94%
StatusWill-O-Wisp
89%
PhysicalFlame Wheel
85%
PhysicalFire Fang
84%
PhysicalFlare Blitz
82%
SpecialFire Spin
81%
PhysicalFlame Charge
81%
SpecialHeat Wave
77%
SpecialOverheat
74%
SpecialEruption
71%
StatusSunny Day
69%
SpecialInferno
66%
SpecialBlast Burn
63%
PhysicalSacred Fire
61%
PhysicalBlaze Kick
60%
SpecialFire Pledge
55%
SpecialIncinerate
55%
SpecialMagma Storm
55%
SpecialBlue Flare
52%
SpecialLava Plume
52%
SpecialFusion Flare
50%
PhysicalV-Create
50%
Z-MoveInferno Overdrive
47%
SpecialFlame Burst
45%
PhysicalHeat Crash
44%
SpecialBurn Up
42%
PhysicalFire Lash
40%
SpecialMystical Fire
39%
SpecialFiery Dance
37%
SpecialSearing Shot
29%
SpecialMind Blown
23%
SpecialShell Trap
23%

Score Distribution

Percentile by Number Answered

Percent of People with Each Score

Your Score History

You have not taken this quiz